Statistics for Квиз о Литванији

Click here to take the quiz!

General Stats

  • This quiz has been taken 66 times
  • The average score is 12 of 20

Answer Stats

ОписОдговор% Correct
Држава од које је Литванија добила независностСовјетски Савез
100%
Државе са којима се граничиЛетонија
100%
Државе са којима се граничиРусија
98%
Море на које излазиБалтичко море
96%
Државе са којима се граничиПољска
96%
Државе са којима се граничиБелорусија
93%
Најпопуларнији спортКошарка
89%
Главни градВиљнус
87%
Међународне организације којима је приступила 2004НАТО
80%
Међународне организације којима је приступила 2004Европска Унија
76%
Други најмногољуднији градКаунас
57%
Литванија је друга држава у свету по конзумацији _________ ,
само Молдавија је испред
Алкохола
56%
Национална птицаБела {Рода}
43%
Литванија је последња _______ држава у Европи, постали су хришћани тек 1387.Паганска
39%
Литванска држава која је постојала у периоду 1236–1795, пуно већа него данашња ЛитванијаВелико {Војводство} Литваније
37%
У древна времена, Литванци су трговали овом наранџастом смолом са РимљанимаЋилибар
28%
Поврће које се користи за цепелинај, литванско национално јелоКромпир
26%
Ходочасници путују на брдо на коме се налази преко 100,000 ових предметаКрстова
22%
Литванија се борила на обе стране у овом рату, у периоду 1700–1721, и изгубила је 40% свог становништваВелики {северни} рат
11%
Поред Васкршњег Зеке, Литванци имају и Васкршњу _____ која доноси јаја.Баку
11%

Score Distribution

Percentile by Number Answered

Percent of People with Each Score

Your Score History

You have not taken this quiz